000
00274nam a2200109Ia 4500
008
200302s9999 xx 000 0 und d
100
_a
Author
245
_a
Phaidon Atlas of 21st century wold Architecture
260
_b
Phaidon Press Ltd.
260
_c
2009
300
_a
444 P.,
999
_c
5010
_d
5010